Genomes 3 (Record no. 232)
[ view plain ]
| 000 -LEADER | |
|---|---|
| fixed length control field | 00361nam a22001337a 4500 |
| 005 - DATE AND TIME OF LATEST TRANSACTION | |
| control field | 20260424085334.0 |
| 008 - FIXED-LENGTH DATA ELEMENTS--GENERAL INFORMATION | |
| fixed length control field | 260424b |||||||| |||| 00| 0 eng d |
| 020 ## - INTERNATIONAL STANDARD BOOK NUMBER | |
| International Standard Book Number | 0-8153-4138-5 |
| 100 ## - MAIN ENTRY--PERSONAL NAME | |
| Personal name | Brown T. A |
| 245 ## - TITLE STATEMENT | |
| Title | Genomes 3 |
| Statement of responsibility, etc. | /T. A Brown |
| 260 ## - PUBLICATION, DISTRIBUTION, ETC. | |
| Place of publication, distribution, etc. | New York; |
| Name of publisher, distributor, etc. | Garland Science Publishing; |
| Date of publication, distribution, etc. | 2007 |
| 300 ## - PHYSICAL DESCRIPTION | |
| Extent | xxii,713p.ill; |
| Dimensions | 27.4cm |
| Accompanying material | CD |
| 942 ## - ADDED ENTRY ELEMENTS (KOHA) | |
| Source of classification or shelving scheme | Dewey Decimal Classification |
| Koha item type | Books |
| Suppress in OPAC | No |
No items available.
